|
|
|
|
| LEADER |
01089nam a22003135i 4500 |
| 001 |
28178 |
| 003 |
BD-DhAAL |
| 005 |
20190523134004.0 |
| 008 |
140703s2013 cau b 001 0 eng |
| 999 |
|
|
|c 32834
|d 32834
|
| 010 |
|
|
|a 2013938404
|
| 020 |
|
|
|a 9781446260197 (pbk.)
|
| 020 |
|
|
|a 9781446260180 (hardback)
|
| 040 |
|
|
|a DLC
|b eng
|e rda
|c DLC
|d BD-DhAAL
|
| 042 |
|
|
|a pcc
|
| 082 |
0 |
0 |
|2 22
|a 300.72
|
| 100 |
1 |
|
|a Gray, David E.
|9 5279
|
| 245 |
1 |
0 |
|a Doing research in the real world /
|c David E Gray.
|
| 250 |
|
|
|a 3rd edition.
|
| 260 |
|
|
|a Thousand Oaks, CA :
|b Sage Publications,
|c c2013
|
| 263 |
|
|
|a 1311
|
| 300 |
|
|
|a xxii, 729 p. :
|b col. ill. ;
|c 25 cm.
|
| 504 |
|
|
|6 Includes index and bibliographical references.
|
| 526 |
|
|
|a ARC
|
| 541 |
|
|
|e 28178
|
| 650 |
|
0 |
|a Social sciences
|x Research.
|9 5280
|
| 650 |
|
0 |
|a Social sciences
|x Research
|x Methodology.
|9 2243
|
| 942 |
|
|
|2 ddc
|c BK
|
| 952 |
|
|
|0 0
|1 0
|2 ddc
|4 0
|6 300_720000000000000_GRA
|7 0
|9 42885
|a BRACUL
|b BRACUL
|c GEN
|d 2014-07-03
|e Trim Education
|g 3615.00
|l 1
|m 8
|o 300.72 GRA
|p 3010028178
|q 2030-01-31
|r 2014-12-14
|s 2014-12-14
|t 1
|w 2014-07-03
|y BK
|